| 000 | 00712nam a2200229Ia 4500 | ||
|---|---|---|---|
| 008 | 160803s9999 xx 000 0 und d | ||
| 020 | _a 9780590406383 | ||
| 100 | _aMeigs, Cornelia | ||
| 245 | _aInvincible Louisa : | ||
| 245 | _cby Cornelia Meigs ; with illustrations. | ||
| 260 | _aNew York : | ||
| 260 | _bScholastic Inc. | ||
| 260 | _c1933 | ||
| 300 | _a260 pages : | ||
| 300 | _billustrations : | ||
| 300 | _c20 cm. | ||
| 500 | _aTitle varies: 1933, The story of the author of Little women: Invincible Louisa -- 1935, The story of Louisa Alcott. | ||
| 650 | _aAlcott, Louisa May, 1832-1888. | ||
| 650 | _aAuthors, American -- 19th century -- | ||
| 650 | _xBiography. | ||
| 700 | _a1150 | ||
| 999 |
_c298407 _d298407 |
||